000 00522nam a22001817a 4500
008 171026b xxu||||| |||| 00| p tur d
020 _a9759056259
041 _atur
050 _aPL248.E689
100 _9260
_aYusuf Alper
245 _aPsikodinamik Açıdan Ahmet Erhan ve Şiiri
250 _a1.Basım
260 _aİstanbul
_bDigraf Yayıncılık, Şiirden
_cEkim 2006
300 _a109 Sayfa
500 _a Diagraf Yayıncılık : 26 Şiir - Antoloji : 13
650 0 _9145
_aTürk Edebiyatı
942 _2lcc
_cBK
999 _c1540
_d1516